000 01371cam a2200373 a 4500
001 4520123
003 ARRUPE
005 20131028180351.0
008 990719s1998 nyu b 001 0 eng
010 _a98024303
020 _a0824517768 (pbk.)
035 _a(OCoLC)39162309
035 _a(OCoLC)ocm39162309
035 _a(NNC)4520123
040 _aDLC
_cDLC
_dDLC
041 1 _aeng
_hlat
050 _aBX1805
_b.P67 1998
090 _aBX1805
_b.P67 1998
100 1 _aPottmeyer, Hermann Josef.
_93073
245 1 0 _aTowards a papacy in communion :
_bperspectives from Vatican Councils I and II /
_cHermann J. Pottmeyer ; translated by Matthew J. O'Connell
260 _aNew York :
_bCrossroad Pub. Co.,
_cc1998
300 _a141 p. ;
_c21 cm
500 _a"A Herder and Herder book."
500 _a"A paperback original."
504 _aIncludes bibliographical references and index
611 2 0 _aVatican Council
_n(1st :
_d1869-1870 :
_cBasilica di San Pietro in Vaticano)
_93074
611 2 0 _aVatican Council
_n(2nd :
_d1962-1965 :
_cBasilica di San Pietro in Vaticano)
_93075
650 0 _aPopes
_xPrimacy
_xHistory of doctrines
_y19th century.
_93076
650 0 _aPopes
_xPrimacy
_xHistory of doctrines
_y20th century.
_93077
650 0 _aPapacy and Christian union.
_93078
650 0 _aPetrine office.
_93079
942 _2lcc
_cMONOGRAPH
999 _c118477
_d118477